| 000 | 00930nam a22001815i 4500 | ||
|---|---|---|---|
| 001 | 158130 | ||
| 003 | ES-MaACL | ||
| 005 | 20230906211028.0 | ||
| 008 | 020228s1861 sp |||| | spa d | ||
| 040 |
_aCAM _bspa _cCAM |
||
| 100 | 1 |
_aLosada, Juan Miguel de. _9129088 |
|
| 245 | 1 | 1 |
_a¡Pruebas humanas!!! _b: drama en tres actos y en verso / _coriginal de Juan Miguel de Losada. |
| 260 |
_aMadrid : _b[s.n.], _c1861 ( _fImprenta de José Rodríguez) |
||
| 300 |
_a85 p. ; _c19 cm. |
||
| 500 | _aEn port.: Representado por primera vez en el teatro de Novedades, de esta córte, en 6 de abril de 1861. | ||
| 596 | _aAl v. de port. consta : "... Alonso Gullon, editor de la coleccion de obras dramáticas y líricas titulada El Teatro..." | ||
| 852 |
_aES-MaACL _jF-8579(7) _z-- Enc. pasta española _q-- Falto de la cub. original _z-- Enc. en un vol. facticio formando parte de la col. faciticia "Teatro español moderno", vol. 32 |
||
| 999 |
_c158130 _d158130 |
||